Statistics for Asia General Knowledge #2

Click here to take the quiz!

General Stats

  • This quiz has been taken 48 times
  • The average score is 9 of 14

Answer Stats

HintAnswer% Correct
Largest countryChina
98%
Capital of South KoreaSeoul
95%
Tallest mountain rangeHimalayas
84%
Largest oil producerSaudi Arabia
82%
Largest film producerIndia
77%
Largest landlocked countryKazakhstan
77%
Third most populous countryIndonesia
73%
Largest Shia populationIran
73%
Largest city by populationTokyo
70%
Smallest countryMaldives
61%
Strait separating Asia from North AmericaBering Strait
57%
Capital of TurkmenistanAshgabat
45%
Lowest population growth rateSyria
23%
Largest deltaSunderban
5%

Score Distribution

Percentile by Number Answered

Percent of People with Each Score

Your Score History

You have not taken this quiz